[Event "Bayern-chI Bank Hofmann 24th"]
[Site "Tegernsee"]
[Date "2021.10.30"]
[Round "1"]
[White "Niese, Holger"]
[Black "Csiki, Endre"]
[Result "0-1"]
[WhiteElo "2092"]
[BlackElo "2321"]
[PlyCount "74"]
[EventDate "2021.10.30"]
[EventType "swiss"]
[EventRounds "9"]
[EventCountry "GER"]
[SourceTitle "CBM 205 Extra"]
[Source "ChessBase"]
[SourceDate "2022.01.31"]
[SourceVersion "1"]
[SourceVersionDate "2022.01.31"]
[SourceQuality "1"]

1. e4 c5 2. Nc3 a6 3. Nge2 d6 4. d4 cxd4 5. Nxd4 Nf6 6. Bg5 e6 7. Qd2 Be7 8. 0-0-0 b5 9. Bd3 Bb7 10. f3 Nbd7 11. h4 Rc8 12. Kb1 h6 13. Be3 b4 14. Nce2 d5 15. Ng3 Qc7 16. Nde2 dxe4 17. Nxe4 Nxe4 18. Bxe4 Bxe4 19. fxe4 Nf6 20. Qd3 Qb7 21. e5 Ng4 22. Bd4 h5 23. Nf4 Qb5 24. Qe4 Qc6 25. Qe2 Qc4 26. Rd3 g6 27. b3 Qc6 28. c4 0-0 29. Rg3 Rfd8 30. Bb2 Bc5 31. Rf1 Qd7 32. Qe4 Qd2 33. Nxh5 gxh5 34. Rxg4+ hxg4 35. Qxg4+ Kf8 36. Rf3 Qd1+ 37. Bc1 Be3 0-1

[Event "Bayern-chI Bank Hofmann 23rd"]
[Site "Tegernsee"]
[Date "2019.11.03"]
[Round "9"]
[White "Nebolsina, Vera"]
[Black "Niese, Holger"]
[Result "1-0"]
[WhiteElo "2252"]
[BlackElo "2078"]
[PlyCount "77"]
[EventDate "2019.10.26"]
[EventType "swiss"]
[EventRounds "9"]
[EventCountry "GER"]
[SourceTitle "CBM 192 Extra"]
[Source "Chessbase"]
[SourceDate "2019.11.06"]
[SourceVersion "1"]
[SourceVersionDate "2019.11.06"]
[SourceQuality "1"]

1. e4 e5 2. Nf3 Nf6 3. Nxe5 d6 4. Nf3 Nxe4 5. d4 d5 6. Bd3 Nc6 7. 0-0 Be7 8. c4 Nb4 9. Be2 0-0 10. Nc3 Bf5 11. a3 Nxc3 12. bxc3 Nc6 13. cxd5 Qxd5 14. Bf4 Rac8 15. Re1 Bd6 16. c4 Qe4 17. Bxd6 cxd6 18. d5 Ne5 19. Nd4 Bd7 20. Qd2 b6 21. Rad1 Qh4 22. Nf3 Qf6 23. Ng5 Nxc4 24. Bxc4 Rxc4 25. Nxh7 Qc3 26. Qxc3 Rxc3 27. Nxf8 Kxf8 28. Re3 Rc5 29. h3 Bb5 30. Rd4 Bc4 31. Rc3 b5 32. g4 g5 33. Kh2 Kg7 34. Kg3 Kg6 35. f4 f5 36. fxg5 Kxg5 37. Rf3 fxg4 38. Rxg4+ Kh5 39. Rf8 1-0

[Event "Helsingor Xtracon op"]
[Site "Helsingor"]
[Date "2018.07.28"]
[Round "9"]
[White "Baum, Bernd"]
[Black "Niese, Holger"]
[Result "1-0"]
[WhiteElo "2280"]
[BlackElo "2140"]
[PlyCount "91"]
[EventDate "2018.07.21"]
[EventType "swiss"]
[EventRounds "10"]
[EventCountry "DEN"]
[SourceTitle "CBM 185 Extra"]
[Source "ChessBase"]
[SourceDate "2018.07.29"]
[SourceVersion "1"]
[SourceVersionDate "2018.07.29"]
[SourceQuality "1"]

1. Nf3 Nf6 2. c4 c6 3. g3 d5 4. Bg2 Bf5 5. cxd5 cxd5 6. Qb3 Qc7 7. Nc3 e6 8. d3 Nc6 9. 0-0 Be7 10. Bf4 Qc8 11. Nb5 0-0 12. Rfc1 Qd7 13. Nbd4 Nxd4 14. Nxd4 Rac8 15. Nxf5 exf5 16. Rxc8 Rxc8 17. Rc1 Rxc1+ 18. Bxc1 h6 19. Bf4 b5 20. Qc2 Ne8 21. h4 Kh7 22. Qb3 Nf6 23. Be5 Ng4 24. Bd4 Bf6 25. Bc5 d4 26. Qd5 Qc8 27. b4 Kg8 28. Qc6 Qb8 29. Qa8 Be5 30. Bxa7 Qxa8 31. Bxa8 f4 32. gxf4 Bxf4 33. Bc6 Bd2 34. a3 Bc1 35. Bxd4 Bxa3 36. Bc3 h5 37. Bxb5 Kf8 38. Bc6 Ke7 39. Bf3 Nh6 40. e4 g6 41. d4 Kd7 42. e5 Nf5 43. Bd5 Nxh4 44. Bxf7 Ke7 45. Bd5 Nf5 46. Be4 1-0

[Event "Helsingor Xtracon op"]
[Site "Helsingor"]
[Date "2018.07.25"]
[Round "6"]
[White "Niese, Holger"]
[Black "Gula, Julian"]
[Result "1-0"]
[WhiteElo "2140"]
[BlackElo "1909"]
[PlyCount "81"]
[EventDate "2018.07.21"]
[EventType "swiss"]
[EventRounds "10"]
[EventCountry "DEN"]
[SourceTitle "CBM 185 Extra"]
[Source "ChessBase"]
[SourceDate "2018.07.29"]
[SourceVersion "1"]
[SourceVersionDate "2018.07.29"]
[SourceQuality "1"]

1. e4 e5 2. Bc4 Nc6 3. Nf3 Nf6 4. Ng5 d5 5. exd5 Na5 6. Bb5+ Bd7 7. Bxd7+ Qxd7 8. Nc3 Nxd5 9. 0-0 0-0-0 10. d3 h6 11. Nf3 Nxc3 12. bxc3 e4 13. Ne5 Qe6 14. f4 Bd6 15. d4 f5 16. Qe2 Bxe5 17. fxe5 Nc4 18. Rb1 c6 19. Rb3 b5 20. a4 a6 21. Kh1 g5 22. axb5 axb5 23. g4 Rhf8 24. Ba3 Rf7 25. gxf5 Rxf5 26. Bc5 e3 27. Rxf5 Qxf5 28. Rb1 Nd2 29. Ra1 Ne4 30. Rf1 Nf2+ 31. Kg2 Qh3+ 32. Kg1 g4 33. Rxf2 exf2+ 34. Qxf2 Qh5 35. Qf6 Qe8 36. e6 Rd5 37. Qf7 Rd8 38. Be7 c5 39. d5 Qh8 40. Bxd8 Qxd8 41. e7 1-0

[Event "Bayern-chI Bank Hofmann 19th"]
[Site "Bad Wiessee"]
[Date "2015.11.04"]
[Round "5"]
[White "Cordts, Ingo"]
[Black "Niese, Holger"]
[Result "1/2-1/2"]
[WhiteElo "2284"]
[BlackElo "2131"]
[PlyCount "258"]
[EventDate "2015.10.31"]
[EventType "swiss"]
[EventRounds "9"]
[EventCountry "GER"]
[SourceTitle "EXT 2017"]
[Source "ChessBase"]
[SourceDate "2016.10.25"]
[SourceVersion "1"]
[SourceVersionDate "2016.10.25"]
[SourceQuality "1"]

1. Nf3 Nf6 2. c4 e6 3. g3 d5 4. Bg2 Be7 5. d4 0-0 6. 0-0 b6 7. Nc3 Bb7 8. cxd5 Nxd5 9. Nxd5 Bxd5 10. Qc2 Nd7 11. e4 Bb7 12. Rd1 Re8 13. h4 h6 14. a3 a5 15. Bf1 f5 16. d5 exd5 17. exd5 Nc5 18. Qxf5 Rf8 19. Qh5 Qd7 20. Ne5 Rf5 21. Nxd7 Rxh5 22. Be2 Rf5 23. g4 Rxf2 24. Kxf2 Bxh4+ 25. Kg1 Nxd7 26. Bf4 Re8 27. Bb5 Re4 28. Bxd7 Rxf4 29. Rac1 Bf2+ 30. Kg2 Bc5 31. Be6+ Kh7 32. Rf1 Rd4 33. Rcd1 Ba6 34. Rfe1 Rf4 35. Rd2 Kg6 36. Re4 Rxe4 37. Bf5+ Kg5 38. Bxe4 Kxg4 39. Rd1 g5 40. Rh1 Kf4 41. Bg6 Bf8 42. Rc1 Bd6 43. Rh1 Ke5 44. Rxh6 Kxd5 45. Bf7+ Kd4 46. Rg6 Bf4 47. Kf3 Kd3 48. Bd5 Kc2 49. b3 Kb2 50. a4 Bd3 51. Rc6 Bc2 52. Rxc2+ Kxc2 53. Ke4 Kc3 54. Be6 Kb4 55. Kd4 b5 56. axb5 Kxb5 57. Kc3 Be5+ 58. Kd3 Kb4 59. Kc2 a4 60. bxa4 Kxa4 61. Kd3 Kb4 62. Bd7 Kc5 63. Ke4 Bf4 64. Be6 Kb4 65. Kd4 c6 66. Ke4 Kc5 67. Bg4 Kd6 68. Kd4 Bc1 69. Bf3 c5+ 70. Ke4 Kc6 71. Be2 Kb6 72. Kd5 Bb2 73. Kd6 Ba3 74. Kd5 Ka5 75. Kc4 Bb4 76. Bd1 Kb6 77. Bf3 Be1 78. Be4 g4 79. Bf5 g3 80. Be4 Bf2 81. Bf3 Kc7 82. Kd5 Kd7 83. Bg2 Bd4 84. Bh3+ Ke7 85. Bf1 Kf6 86. Ke4 Kg5 87. Kf3 Kh4 88. Ke4 Kg4 89. Bg2 Bg7 90. Kd5 Bd4 91. Ke4 Bf2 92. Kd3 Kf4 93. Bh1 Bd4 94. Bg2 Bf6 95. Kc4 Be7 96. Kd3 Kg4 97. Ke4 Bf6 98. Kd5 Bd4 99. Ke4 Kg5 100. Bh3 Kf6 101. Kd5 Ke7 102. Bg2 Kd7 103. Kc4 Kd6 104. Bh1 Kd7 105. Bg2 Kc7 106. Kb5 Kd6 107. Kc4 Ke5 108. Kd3 Kf4 109. Bh1 Bf6 110. Kc4 Be7 111. Kd3 Bd6 112. Bc6 Kg4 113. Bg2 Bf8 114. Ke4 Be7 115. Kd3 Bd8 116. Kc4 Bb6 117. Kd3 Kf4 118. Bh1 Ke5 119. Kc4 Kd6 120. Bf3 Ba7 121. Bh1 Kc7 122. Kb5 Kd7 123. Kc4 Bb6 124. Kd5 Ke7 125. Kc4 Ke6 126. Kd3 Kf5 127. Bb7 Kf4 128. Bc6 Kg4 129. Bg2 Kf4 1/2-1/2

[Event "Bayern-chI Bank Hofmann 19th"]
[Site "Bad Wiessee"]
[Date "2015.11.02"]
[Round "3"]
[White "Das, Arghyadip"]
[Black "Niese, Holger"]
[Result "1-0"]
[WhiteElo "2467"]
[BlackElo "2131"]
[PlyCount "37"]
[EventDate "2015.10.31"]
[EventType "swiss"]
[EventRounds "9"]
[EventCountry "GER"]
[SourceTitle "CBM 169 Extra"]
[Source "ChessBase"]
[SourceDate "2015.12.18"]
[SourceVersion "1"]
[SourceVersionDate "2015.12.18"]
[SourceQuality "1"]

1. e4 e5 2. Bc4 Nf6 3. d3 Nc6 4. Nc3 Bc5 5. f4 d6 6. Nf3 Bg4 7. Na4 exf4 8. Nxc5 dxc5 9. Bxf4 0-0 10. 0-0 Na5 11. Bb3 Nxb3 12. axb3 Re8 13. h3 Bh5 14. g4 Bg6 15. Bg5 h6 16. Bh4 Bh7 17. Qd2 g5 18. Nxg5 Nxg4 19. Nf3 1-0

[Event "Bayern-chI Bank Hofmann 10th"]
[Site "Bad Wiessee"]
[Date "2006.11.05"]
[Round "2"]
[White "Niese, Holger"]
[Black "Buchal, Stephan"]
[Result "1/2-1/2"]
[WhiteElo "2136"]
[BlackElo "2397"]
[PlyCount "88"]
[EventDate "2006.11.04"]
[EventType "swiss"]
[EventRounds "9"]
[EventCountry "GER"]
[SourceTitle "EXT 2007"]
[Source "ChessBase"]
[SourceDate "2006.11.23"]
[SourceVersion "1"]
[SourceVersionDate "2006.11.23"]
[SourceQuality "1"]

1. e4 g6 2. d4 Bg7 3. c4 d6 4. Nc3 Nf6 5. Be2 0-0 6. Nf3 Na6 7. 0-0 e5 8. Bg5 h6 9. Bh4 g5 10. dxe5 Nh5 11. Bg3 Nxg3 12. hxg3 dxe5 13. Qxd8 Rxd8 14. Rfd1 Be6 15. Rxd8+ Rxd8 16. Rd1 Rxd1+ 17. Nxd1 Nb4 18. Nc3 c6 19. Ne1 a5 20. a3 Na6 21. Na4 Bf8 22. Nc2 f6 23. g4 Kf7 24. f3 Nc7 25. Ne3 b5 26. cxb5 cxb5 27. Nc3 Bc5 28. Kf2 b4 29. axb4 axb4 30. Ncd1 Bb3 31. Ke1 Ne6 32. Bc4 Bxc4 33. Nxc4 Nf4 34. Nde3 Bxe3 35. Nxe3 Nd3+ 36. Kd2 Nxb2 37. Kc2 Na4 38. Kb3 Nc5+ 39. Kxb4 Nd3+ 40. Kc4 Nf4 41. Kc3 h5 42. gxh5 Nxh5 43. Kd2 Nf4 44. g3 Ne6 1/2-1/2

[Event "Bayern-chI Bank Hofmann 9th"]
[Site "Bad Wiessee"]
[Date "2005.11.05"]
[Round "8"]
[White "Niese, Holger"]
[Black "Kummerow, Heiko"]
[Result "0-1"]
[WhiteElo "2152"]
[BlackElo "2285"]
[PlyCount "60"]
[EventDate "2005.10.29"]
[EventType "swiss"]
[EventRounds "9"]
[EventCountry "GER"]
[SourceTitle "EXT 2006"]
[Source "ChessBase"]
[SourceDate "2005.11.24"]
[SourceVersion "1"]
[SourceVersionDate "2005.11.24"]
[SourceQuality "1"]

1. e4 e6 2. d4 d5 3. Nd2 Nf6 4. e5 Nfd7 5. f4 c5 6. c3 Nc6 7. Ndf3 cxd4 8. cxd4 Qb6 9. g3 Be7 10. Ne2 f6 11. Bh3 0-0 12. Bxe6+ Kh8 13. exf6 Bb4+ 14. Bd2 Nxf6 15. Bxc8 Raxc8 16. b3 Ne4 17. Bxb4 Qxb4+ 18. Kf1 g5 19. Kg2 g4 20. Ne5 Nxe5 21. dxe5 Nd2 22. Re1 Qe4+ 23. Kf2 Rc2 24. Rc1 Rfc8 25. e6 Qf3+ 26. Kg1 Qe3+ 27. Kg2 Nf3 28. Rxc2 Nxe1+ 29. Kf1 Nxc2 30. Qxd5 Qf3+ 0-1

[Event "Dresden ZMD op"]
[Site "Dresden"]
[Date "2004.07.17"]
[Round "3"]
[White "Kersten, Uwe"]
[Black "Niese, Holger"]
[Result "1/2-1/2"]
[WhiteElo "2342"]
[BlackElo "2128"]
[PlyCount "89"]
[EventDate "2004.07.15"]
[EventType "tourn"]
[EventRounds "9"]
[EventCountry "GER"]
[SourceTitle "EXT 2006"]
[Source "ChessBase"]
[SourceDate "2005.11.24"]
[SourceVersion "1"]
[SourceVersionDate "2005.11.24"]
[SourceQuality "1"]

1. d4 Nf6 2. Nf3 e6 3. c4 b6 4. e3 Bb7 5. Bd3 Bb4+ 6. Nbd2 Ne4 7. a3 Bxd2+ 8. Nxd2 Nxd2 9. Bxd2 Qg5 10. Rg1 d6 11. Qe2 Qh4 12. e4 Qxh2 13. 0-0-0 Qh4 14. Rh1 Qe7 15. Qg4 f6 16. e5 f5 17. exd6 fxg4 18. dxe7 Bxg2 19. Rxh7 Rxh7 20. Bxh7 Kxe7 21. Re1 Kf7 22. Be4 Bxe4 23. Rxe4 Nd7 24. Rxg4 Rh8 25. Bf4 c6 26. Kc2 Kf6 27. Rg1 Rh3 28. Bg3 Rh5 29. Rd1 g6 30. a4 Ke7 31. b3 e5 32. d5 cxd5 33. Rxd5 Ke6 34. a5 Rh1 35. Kc3 Rh8 36. Kb4 Rc8 37. axb6 axb6 38. Rd1 Ra8 39. Rd5 Rc8 40. Rd2 Ra8 41. Re2 Kd6 42. Re1 Rc8 43. Rh1 Nc5 44. Rh7 Ke6 45. Ra7 1/2-1/2